ʻAṣr al-Qurʼān /
Saved in:
Main Author:
Format: Book
Language: Arabic
Published:
Baghdād :
Maṭbaʻat al-Maʻārif,
[1947].
Subjects:
Tags: Add Tag
No Tags, Be the first to tag this record!
Call Number: PJ7545 .B3 1947
| LEADER | 01062nam a2200241Ia 4500 | ||
|---|---|---|---|
| 003 | OSt | ||
| 005 | 20231015115625.0 | ||
| 008 | 130303s1947 iq 000 0 ara d | ||
| 952 | |0 0 |1 0 |2 lcc |4 0 |6 PJ7545 B3 01947 |7 1 |9 50481 |a ARCE |b ARCE |d 2023-10-15 |l 0 |o PJ7545 .B3 1947 |p 1023157 |r 2023-10-15 00:00:00 |w 2023-10-15 |y BK | ||
| 999 | |c 27081 |d 27081 | ||
| 040 | |c ARCE Library | ||
| 050 | 4 | |a PJ7545 .B3 1947 | |
| 100 | 1 | |6 880-01 |a Baṣīr, Muḥammad Mahdī, |e author |9 26353 | |
| 245 | 1 | 0 | |6 880-02 |a ʻAṣr al-Qurʼān / |c Muḥammad Mahdī al-Baṣīr. |
| 264 | 1 | |a Baghdād : |b Maṭbaʻat al-Maʻārif, |c [1947]. | |
| 300 | |a 248 pages ; |c 24 cm. | ||
| 650 | 0 | |a Arabic literature |y 622-750 |x History and criticism. | |
| 650 | 0 | |a Arabic poetry |y To 622 |x History and criticism. | |
| 650 | 0 | |a Arabs |x History |y To 622. | |
| 880 | 1 | |6 100-01/(3/r |a بصير، محمد مهدي | |
| 880 | 1 | 0 | |6 245-02/(3/r |a عصر القرآن |c محمد مهدي البصير. |
| 901 | |a reviewed | ||
| 942 | |c BK |2 lcc | ||
